Les 100 prénoms féminins les plus donnés en France en 2021 - Statistiques

Statistiques générales
  • Ce quiz a été pris 986 fois
  • Le résultat moyen est 40 sur 100
Statistiques - réponses
Hint Réponse % Correct
20 Lou
87%
1 Emma
86%
8 Léa
86%
77 Marie
84%
12 Anna
79%
3 Louise
75%
6 Chloé
73%
22 Camille
70%
16 Juliette
69%
18 Manon
69%
34 Sarah
69%
2 Jade
68%
50 Clara
66%
14 Inès
63%
58 Léana
63%
17 Zoé
63%
4 Alice
62%
13 Julia
62%
80 Lisa
60%
21 Lola
60%
24 Jeanne
59%
5 Lina
59%
31 Lucie
59%
27 Éva
58%
15 Léna
58%
7 Rose
58%
36 Charlotte
56%
71 Élise
51%
63 Mathilde
51%
28 Romane
51%
47 Clémence
48%
59 Anaïs
47%
23 Nina
47%
65 Alicia
46%
10 Ambre
46%
66 Lilou
45%
69 Lise
45%
72 Lily
44%
35 Louna
44%
44 Margot
44%
11 Mia
44%
75 Valentine
44%
73 Maria
43%
60 Gabrielle
42%
9 Mila
42%
93 Maëlle
41%
37 Margaux
41%
78 Noémie
41%
38 Olivia
41%
64 Maëlys
40%
98 Océane
40%
19 Agathe
39%
85 Célia
38%
92 Emmy
38%
32 Luna
38%
51 Éléna
37%
81 Lila
37%
41 Victoria
37%
42 Victoire
36%
30 Iris
35%
53 Lana
35%
79 Elsa
34%
39 Sofia
34%
57 Théa
34%
76 Héloïse
33%
29 Léonie
33%
33 Adèle
31%
61 Emy
30%
40 Charlie
29%
26 Romy
29%
74 Maya
27%
48 Alix
26%
89 Salomé
25%
52 Capucine
24%
46 Giulia
24%
54 Lya
24%
62 Yasmine
24%
83 Thaïs
23%
96 Amelia
21%
88 Zélie
21%
45 Mya
20%
68 Roxane
20%
67 Apolline
18%
90 Constance
17%
25 Inaya
17%
55 Lyna
16%
91 Soline
16%
86 Candice
15%
43 Nour
15%
49 Aya
14%
87 Livia
13%
56 Lyana
12%
70 Assia
11%
97 Joy
10%
82 Alya
9%
94 Séléna
6%
100 Arya
5%
84 Ilyana
5%
99 Maïssa
5%
95 Maryam
2%
Aucun quiz correspondant
Distribution des résultats
% des personnes avec chaque résultat
Percentile par nombre de réponses
Votre historique - résultats
Vous n’avez pas pris ce quiz